00603nam a2200181Ia 4500952014000000999001700140003000400157005001700161008004100178040000900219082001800228100002100246245005200267260003500319300000900354650001500363942004300378 00102ddc40708CIVILaMESbMEScCAREER CORNERd2019-02-20g135.00l0o371.37 JOS/Gp32593r2019-02-20 00:00:00w2019-02-20yREFzU7R3 c36935d36935OSt20210122140121.0190216s9999||||xx |||||||||||||| ||und|| coclc a371.37bJOS/G aJoshi, P N98372 0aGroup Discussion On Current Topics /cP N Joshi bUpkar Prakashan,c2007.aAgra: a252p aReferences cREF2ddch371.37iJOS/Gk371.37mJOS/G